| 000 | 00621cam a22002057a 4500 | ||
|---|---|---|---|
| 001 | 001779 | ||
| 003 | armpunfd | ||
| 005 | 20140612090650.0 | ||
| 008 | 050928e0####xx#a##########000#0#und#d | ||
| 040 |
_aarmpunfd _carmpunfd |
||
| 080 | _a342.4 (822.2) C 626 | ||
| 245 | 1 | 0 | _aConstitucion de la provincia de tierra del fuego, antartida e islas del atlantico sur |
| 260 |
_a Ierra Del Fuego : Don Bosco _b1991. |
||
| 650 | 7 |
_a Antartida _2LEMB |
|
| 650 | 7 |
_a Constitucion _2LEMB |
|
| 650 | 7 |
_a Islas Atlantico Sur _2LEMB |
|
| 650 | 7 |
_a Tierra Del Fuego _2LEMB |
|
| 942 |
_cLB _2cdu |
||
| 945 |
_aCatalis _d2010-08-19 |
||
| 999 |
_c1770 _d232274 |
||